| 000 | 00971nam a2200253Ia 4500 | ||
|---|---|---|---|
| 003 | OSt | ||
| 005 | 20220923211553.0 | ||
| 006 | a|||||r|||| 00| 0 | ||
| 007 | ta | ||
| 008 | 220922b |||||||| |||| 00| 0 pan d | ||
| 020 |
_a9789385326158 (hbk) _c450 |
||
| 024 | _a337,126 | ||
| 037 |
_bSP/5380, 17/03/2018, Star Publications (Pvt.) Ltd. _cTextual |
||
| 040 |
_aARTS _cARTS _bpan |
||
| 041 |
_2pan _apan |
||
| 082 | _aO152,3M80x, 153Q7 | ||
| 100 | _aਬੱਦਲ, ਬਲਦੇਵ ਸਿੰਘ, ੳਗ. | ||
| 245 | 0 | _aਮੁਨFੀ ਪ੍ਰੇਮਚੰਦ ਦੀਆਂ ਚੋਣਵੀਆਂ ਕਹਾਣੀਆਂ | |
| 260 |
_aਦਿੱਲੀ _b ਲਕFਯ ਪਬਲੀਕੇFਨਗ਼ _c2017 |
||
| 300 |
_a383ਪ0 _ccm. |
||
| 650 | _aਹਿੰਦੀ ਸਾਹਿਤ | ||
| 942 |
_hO152,3M80x, 153Q7 _cTEXL _2CC |
||
| 999 |
_c300858 _d300858 |
||